01485nam a2200433 i 450000100060000000300090000600500170001500800390003201500180007103500230008903500360011203500140014803500210016203500230018303500440020604000280025004100130027808000120029108000080030310000330031124500820034424600610042626000500048730000330053733600270057033700540059733800280065138000160067938800140069538800140070949000270072350400360075065000250078665000270081165800430083870000450088185600980092683000270102410030KOSZ 00520200805102416.0010103s1978 pl a f |001 0 pol aUWD 1979/2319 a991015453409705066 a(PL-WaBN)b14151078-48omnis_nlop ab14151078 a(OCoLC)830206754 a(PL)b0000001415107 a(EXLNZ-48OMNIS_NETWORK)9910101387105606 aWA NcWA NdKOSZ 005/HR1 apolheng a621.391 a0071 aRosie, Aeneas MurdocheAutor10aTeoria przesyłania informacji /cA.M. Rosie ; [tł. z ang. Janusz Zalewski].1 iTyt. oryg.:aInformation and communication theory,f1973 aWarszawa :bPaństowe Wydaw. Naukowe,c1978. a282, [1] s. :bil. ;c21 cm. aTekstbtxt2rdacontent aBez urządzenia pośredniczącegobn2rdamedia aWoluminbnc2rdacarrier aKsiążki a1901-2000 a1945-19891 aBiblioteka Informatyki aBibliogr. przy rozdz. - Indeks. 7aTelekomunikacja2DBN 7aTeoria informacji2DBN aInformatyka i technologie informacyjne1 aZalewski, Januszd(1949- )eTłumaczenie uhttp://koha.tu.koszalin.pl/cgi-bin/koha/opac-detail.pl?biblionumber=10030zKatalog online BPK 0aBiblioteka Informatyki